Statystyki dla Poczet premierów III RP

Kliknij tutaj aby rozwiązać quiz!

Ogólne statystyki

  • Ten quiz został rozwiązany 72 razy
  • Średni wynik to 12 z 18

Statystyki odpowiedzi

Czas urzędowaniaPremier% Poprawnych
13 grudnia 2023 -Donald
Tusk
100%
16 listopada 2007- 22 września 2014Donald
Tusk
100%
8 grudnia 2017 - 13 grudnia 2023Mateusz
Morawiecki
98%
14 lipca 2006 - 16 listopada 2007Jarosław
Kaczyński
93%
13 listopada 2015 - 8 grudnia 2017Beata
Szydło
92%
22 września 2014 - 13 listopada 2015Ewa
Kopacz
84%
19 października 2001 - 2 maja 2004Leszek
Miller
79%
24 sierpnia 1989 - 4 stycznia 1991Tadeusz
Mazowiecki
70%
31 października 2005 - 14 lipca 2006Kazimierz
Marcinkiewicz
56%
26 października 1993 - 1 marca 1995Waldemar
Pawlak
56%
5 czerwca 1992 - 10 lipca 1992Waldemar
Pawlak
56%
10 lipca 1992 - 26 października 1993Hanna
Suchocka
54%
31 października 1997 - 19 października 2001Jerzy
Buzek
54%
7 marca 1995 - 7 lutego 1996Józef
Oleksy
49%
6 grudnia 1991 - 5 czerwca 1992Jan
Olszewski
48%
7 lutego 1996 - 31 października 1997Włodzimierz
Cimoszewicz
46%
2 maja 2004 - 31 października 2005Marek
Belka
41%
4 stycznia 1991 - 6 grudnia 1991Jan Krzysztof
Bielecki
33%

Rozkład punktacji

Percentyl według liczby udzielonych odpowiedzi

Procent ludzi z każdym wynikiem

Twoja historia wyników

Nie rozwiązałeś tego quizu